| 000 | 00784cam a22002534a 4500 | ||
|---|---|---|---|
| 999 |
_c8194 _d8194 |
||
| 003 | OSt | ||
| 005 | 20200811162304.0 | ||
| 008 | 000228s2000 dcua b 001 0 eng | ||
| 010 | _a 00027668 | ||
| 020 | _a0792279417 | ||
| 040 |
_aDLC _cDLC _dDLC |
||
| 042 | _apcc | ||
| 050 | 0 | 0 |
_aQP360 _b.R456 2000 |
| 082 | 0 | 0 |
_a612.8/2 _221 |
| 100 | 1 |
_aRestak, Richard M., _d1942- |
|
| 245 | 1 | 0 |
_aMysteries of the mind / _cRichard Restak. |
| 260 |
_aWashington, DC : _bNational Geographic Society, _cc2000. |
||
| 300 |
_a256 p. : _bcol. ill. ; _c31 cm. |
||
| 504 | _aIncludes bibliographical references (p. 250) and index. | ||
| 650 | 0 | _aNeuropsychology. | |
| 650 | 0 | _aBrain. | |
| 856 | 4 | 2 |
_3Publisher description _uhttp://www.loc.gov/catdir/description/simon032/00027668.html |
| 942 | _2ddc | ||